000 00590nam a22002177a 4500
999 _c115182
_d115182
003 OSt
005 20220509171711.0
008 190817b2013 ||||| |||| 00| 0 eng
020 _a9788192363899
020 _a9781234567897
040 _cNLS
041 _aEnglish
082 _a330.122 SIN-I-1
100 _aSingh Anshuman
245 _aDas Kapital Vol. I
260 _aDelhi
_bNational Law University
_c2013
300 _aHB
600 _aEconomics - Capitalism
856 _uhttps://nludelhi.ac.in/download/publication/2015/august/Das%20Kapital%20Vol.1.pdf
942 _2ddc
_cBK